LIBRARY & INFORMATION CENTRE, KCAET, TAVANUR

ONLINE PUBLIC ACCESS CATALOGUE (OPAC)

Water resources developement in China / (Record no. 3191)

MARC details
000 -LEADER
fixed length control field 00400cam a2200157ua 4500
003 - CONTROL NUMBER IDENTIFIER
control field OSt
008 - FIXED-LENGTH DATA ELEMENTS--GENERAL INFORMATION
fixed length control field 250812b |||||||| |||| 00| 0 eng d
041 ## - LANGUAGE CODE
Language code of text/sound track or separate title eng
082 ## - DEWEY DECIMAL CLASSIFICATION NUMBER
Classification number 627.0951
Item number QIA/WA
100 ## - MAIN ENTRY--AUTHOR NAME
Personal name Qian, Zlengying .
245 ## - TITLE STATEMENT
Title Water resources developement in China /
250 ## - EDITION STATEMENT
Edition statement 1 /
260 ## - PUBLICATION, DISTRIBUTION, ETC. (IMPRINT)
Place of publication China :
Name of publisher China water & Power Press ,
Year of publication 1994.
300 ## - PHYSICAL DESCRIPTION
Number of Pages 697 ; .
942 ## - ADDED ENTRY ELEMENTS (KOHA)
Koha item type Books
Holdings
Withdrawn status Lost status Damaged status Home library Current library Date acquired Full call number Accession Number Koha item type
      KAUAET KAUAET 07/04/2012 627.0951 QIA/WA 19859 Books
free website counter